आखि़री बूॅंद की ख़ुशबू (Record no. 299524)

MARC details
000 -LEADER
fixed length control field 00915nam a2200253Ia 4500
003 - CONTROL NUMBER IDENTIFIER
control field OSt
005 - DATE AND TIME OF LATEST TRANSACTION
control field 20220923211434.0
008 - FIXED-LENGTH DATA ELEMENTS--GENERAL INFORMATION
fixed length control field 220922b |||||||| |||| 00| 0 urd d
020 ## - INTERNATIONAL STANDARD BOOK NUMBER
International Standard Book Number 9789350001905 (hbk)
037 ## - SOURCE OF ACQUISITION
Terms of availability Textual
040 ## - CATALOGING SOURCE
Original cataloging agency ARTS
Transcribing agency ARTS
Language of cataloging urd
041 ## - LANGUAGE CODE
Source of code urd
Language code of text/sound track or separate title urd
100 ## - MAIN ENTRY--PERSONAL NAME
Personal name हिना, ज़ाहिदा; सुहेल, तसनीम, अनु.
9 (RLIN) 160503
245 #0 - TITLE STATEMENT
Title आखि़री बूॅंद की ख़ुशबू
246 ## - VARYING FORM OF TITLE
Title proper/short title Ākhi़rī būॅanda kī kha़ushabū
260 ## - PUBLICATION, DISTRIBUTION, ETC.
Place of publication, distribution, etc. नयी दिल्ली
Name of publisher, distributor, etc. वाणी प्रकाशन
Date of publication, distribution, etc. 2010
300 ## - PHYSICAL DESCRIPTION
Extent 174पृ0
Dimensions cm.
942 ## - ADDED ENTRY ELEMENTS (KOHA)
Classification part O168,3N46x, 152Q0
Koha item type Textual
Source of classification or shelving scheme Colon Classification (CC)
Holdings
Withdrawn status Lost status Damaged status Not for loan Home library Current library Date acquired Total Checkouts Full call number Barcode Date last seen Price effective from Koha item type
        Arts Library Arts Library 2022-09-23   O168,3N46x 152Q0 AL1483855 2022-09-23 2022-09-23 Textual
Copyright @ Delhi University Library System